000 00584nam a2200205Ia 4500
005 20250326144532.0
008 250326s9999 xx 000 0 und d
020 _a1-4039-4363-X
037 _aTextbook
040 _aFMSL
_beng
_cFMSL
041 _aeng
_2eng
084 _aSNIobX:8 P6
_qFMSL
100 _aBohm Steffen
_9749845
245 0 _aRepositioning organization theory : Impossibilities and strategies
_cBohm Steffen
260 _aNY
_bNY, Palgrave
_c2006
300 _aix,236
365 _b5216
942 _cTB
_hSNIobX:8 P6
999 _c1304083
_d1304083